| 000 | 00779nam a22002177a 4500 | ||
|---|---|---|---|
| 003 | UA-OsUOA | ||
| 001 | 120949 | ||
| 007 | ta | ||
| 008 | 20170227b un ||||| |||| 00| 0 ukr d | ||
| 100 | _aІльїна А. | ||
| 090 |
_a101 _bИ99 |
||
| 942 | _cSA | ||
| 040 |
_aUA-OsUOA _bukr _cUA-OsUOA _dUA-OsUOA |
||
| 245 | _aІдея очевидності у феноменологічній перспективі: деконструкція та реактуалізація картезіанського спадку. Стаття перша: Надлишковість очевидності | ||
| 300 | _aС.23-41 | ||
| 955 | _a0 | ||
| 041 | _aukr | ||
| 080 | _a101 | ||
| 773 | 0 |
_w120948 _tSententiae _dВінниця _d2016 _g2 |
|
| 650 | 7 |
_a1 Філософські науки _2UDC |
|
| 999 |
_c407056 _d407056 |
||